| 000 | 01218nam a2200313 a 4500 | ||
|---|---|---|---|
| 001 | BRL_1235 | ||
| 005 | 20190320211112.0 | ||
| 008 | 031213s1991----mx-ae#####---#000-0#spa-# | ||
| 020 | _a9688590614 | ||
| 041 | _aspa | ||
| 044 | _amx | ||
| 050 | 4 |
_aNA5257.P8 _b.R83 1991 |
|
| 100 | 1 |
_aRubial García, Antonio _9363 |
|
| 245 | 1 | 0 |
_aSanta María Tonantzintla _bun pueblo, un templo _cAntonio Rubial García ; fotografía Salvador Lutteroth, Juan José Medina y Jesús Sánchez Uribe. |
| 260 |
_aMéxico _bUniversidad Iberoamericana _c1991 |
||
| 300 |
_a115 p. _bil. _c31 cm. |
||
| 500 | _aAu1406 | ||
| 504 | _aBibliografía : p. [122-123] | ||
| 610 | 2 | 4 |
_aCapilla de Santa María Tonantzintla (Santa María Tonantzintla, Puebla) _926216 |
| 650 | 1 | 4 |
_aArte y simbolísmo cristiano _zSanta María Tonantzintla (Puebla) _9365 |
| 650 | 1 | 4 |
_aArte popular _zSanta María Tonantzintla (Puebla) _9366 |
| 651 | 4 |
_aSanta María Tonantzintla (Puebla) _xConstrucciones, estructuras, etc. _9367 |
|
| 700 | 1 |
_aLutteroth, Salvador _eil. _926217 |
|
| 700 | 1 |
_aMedina, Juan José _eil. _926218 |
|
| 700 | 1 |
_aSánchez Uribe, Jesús _eil. _926219 |
|
| 710 | 2 |
_aComisión Puebla V Centenario _926220 |
|
| 902 | _aGRL | ||
| 942 |
_2lcc _cB |
||
| 999 |
_c10047 _d10047 |
||